| 000 | 00574nab a22001337u 4500 | ||
|---|---|---|---|
| 008 | 130520b2007 xxu||||| |||| 00| 0 spa d | ||
| 041 | _aspa | ||
| 100 | 1 |
_aSánchez Soberano, Ramsés Leonardo _977302 |
|
| 245 | 0 | 0 |
_aSurgimiento, desarrollo y conciliación del sujeto en la metafísica moderna _cRamsés Leonardo Sánchez Soberano, Enrique Sánchez Ballesteros, Viridiana Platas Benítez |
| 700 | 1 |
_aPlatas Benítez, Viridiana _977303 |
|
| 700 | 1 |
_aSánchez Ballesteros, Enrique _977304 |
|
| 773 | 0 |
_tAnalogía _gV.21, nº2,2007,págs. 121-150 _x0188-896X _wRev19 |
|
| 942 | _cAR | ||
| 999 |
_c383144 _d383144 |
||